Dabing je umelecká profesia

Bibliographic Details
Main Authors: Trančíková, Eva (Author, Interviewer), Divinec, Ján (Author)
Format: Article
Language:Slovak
PhysicalDescription:Obr.
Subjects:

MARC

LEADER 00000nab a2200000 ar4500
001 vtls009185163
003 SK-MaSNL
005 20260303054435.0
008 080218c19761123xo |r|p|||||||000 b|slo
015 |a SNBRB1976 
038 |a SNKBUCL 
040 |a SNKBUCL  |b slo  |c SNKBUCL  |e AACR2 
041 |a slo 
044 |a xo  |c SK 
080 |a 7.097.071.2  |2 1997 
100 1 |a Trančíková, Eva  |4 aut  |4 ivr  |9 953820 
245 1 0 |a Dabing je umelecká profesia  |c Eva Trančíková 
300 |b Obr. 
600 1 7 |a Divinec, Ján  |2 snkbucl  |9 476429 
700 1 |a Divinec, Ján  |4 aut  |4 ive  |9 476429 
773 0 |t Pravda  |g (23.11.1976), s. 5 
852 |a SNK  |b KIS3GCP 
958 |a BX 
999 |c 1723262  |d 1725192